Harry Potter Characters surnames - Statistics

General Stats
  • This quiz has been taken 9,810 times
  • The average score is 17 of 20
Answer Stats
Hint Answer % Correct
Draco Malfoy
99%
Ron Weasley
99%
Dudley Dursley
97%
Luna Lovegood
97%
Narcissa Malfoy
97%
Hermione Granger
93%
Lavender Brown
91%
Rubeus Hagrid
90%
Dean Thomas
86%
Seamus Finnigan
85%
Peter Pettigrew
85%
Oliver Wood
85%
Pansy Parkinson
82%
Gregory Goyle
81%
Vincent Crabbe
80%
Fenrir Greyback
77%
Blaise Zabini
68%
Cormac McLaggen
66%
Romilda Vane
65%
Theodore (Slytherin) Nott
43%
No matching quizzes found
Score Distribution
Percent of People with Each Score
Percentile by Number Answered
Your Score History
You have not taken this quiz